00985nam a2200229 a 450000100100000000500170001000800410002702000150006804000250008308200240010810000180013224000800015024501700023025000110040026000620041130000280047353401040050165000350060565000290064070000370066970000490070600002305220200930021945.0101125s1996 mx a 001 0 spa d a9688806749 aDO-SdBNPbspacBNPHU a621.382bT655e,19961 aTomasi, Wayne10aElectronic communications systems fundamentals through advanced.lEspañol10aSistemas de comunicaciones electrónicas /cWayne Tomasi ; traducción de Virgilio García Bisogmo ; revisión técnica de Rodolfo de Jesús Bravo de la Parra. a2a ed. aMéxico, D. F. :bPrentice-Hall Hispanoamericana,c1996. a858 p. :bil. ;c27 cm. aTraducido de la obra en inglés :tElectronic communications systems fundamentals through advanced 4aSistemas de telecomunicación 4aComunicaciones digitales1 aGarcía Bisogmo, Virgilio,etr.1 aBravo de la Parra, Rodolfo de Jesús.erev.